Disease Control Priorities in Developing Countries (Record no. 19367)
[ view plain ]
| 000 -LEADER | |
|---|---|
| fixed length control field | 00335nam a2200133Ia 4500 |
| 008 - FIXED-LENGTH DATA ELEMENTS--GENERAL INFORMATION | |
| fixed length control field | 241014s9999||||xx |||||||||||||| ||und|| |
| 020 ## - INTERNATIONAL STANDARD BOOK NUMBER | |
| International Standard Book Number | 0-8213-0821361791 |
| 100 ## - MAIN ENTRY--PERSONAL NAME | |
| Personal name | Jamison, T. Dean |
| 245 #0 - TITLE STATEMENT | |
| Title | Disease Control Priorities in Developing Countries |
| 250 ## - EDITION STATEMENT | |
| Edition statement | 2nd |
| 300 ## - PHYSICAL DESCRIPTION | |
| Extent | 1401.00 |
| 650 ## - SUBJECT ADDED ENTRY--TOPICAL TERM | |
| Topical term or geographic name entry element | Disease |
| 942 ## - ADDED ENTRY ELEMENTS (KOHA) | |
| -- | SPH |
| Koha item type | Books |
No items available.